Maria Becerra : Corazon vacio - Statistics

General Stats
  • This quiz has been taken 20 times
  • The average score is 207 of 316
Answer Stats
Answer % Correct
a
93%
A
93%
corazon
93%
de
93%
dejaste
93%
el
93%
el,
93%
Me
93%
me
93%
(me
93%
tu
93%
va
93%
vacio
93%
calor
87%
cel
87%
era
87%
frio
87%
mio
87%
muero
87%
no
87%
No
87%
"no
87%
"No
87%
pero
87%
y
87%
Y
87%
yo
87%
Yo
87%
amor
80%
con
80%
das
80%
do'
80%
es
80%
le
80%
pa
80%
que
80%
que?
80%
Que
80%
te
80%
al
73%
creer,
73%
creer
73%
ella
73%
fui
73%
ha
73%
la
73%
lo
73%
si
73%
ilusa
67%
se.
67%
se
67%
Se
67%
eramo'
60%
mentido
60%
pare
60%
ya
60%
contra
53%
creo
53%
donde
53%
en
53%
eramos
53%
escuche
53%
escuché.
53%
mas
53%
noche
53%
otra
53%
otro
53%
pared
53%
pared)
53%
pense
53%
Pense
53%
Percocet
53%
Perdon
53%
perreando
53%
pregunto
53%
tenia
53%
vos
53%
voz
53%
conociendote
47%
contigo
47%
dijo
47%
Esa
47%
gusto
47%
ilusiones
47%
llamadas
47%
porque
47%
sincero
47%
tres
47%
volver"
47%
conociste
40%
Corte
40%
Corté
40%
loco
40%
perdida'
40%
telefono
40%
tuyas
40%
512
33%
bien
33%
hablar
33%
imaginando
33%
necesite
33%
pasa'o
33%
peor
33%
queria
33%
sabia
33%
supe
33%
desaparecete
27%
hacer,
27%
llame
27%
pongas
27%
ves
27%
aunque
20%
como
20%
Haz
20%
hice
20%
Lady
20%
Lady,
20%
lady
20%
piso.
20%
siempre
20%
ahora?
13%
Argentina
13%
compromiso,
13%
nena
13%
Nos
13%
pude
13%
sola,
13%
tuve
13%
tuviste
13%
del
7%
falto
7%
muy
7%
oscuro
7%
sabes
7%
salimo'
7%
valor
7%
caminamo'
0%
fuimo'
0%
hablen
0%
paramo'
0%
perder
0%
quiere
0%
seguimo'
0%
No matching quizzes found
Score Distribution
Percent of People with Each Score
Percentile by Number Answered
Your Score History
You have not taken this quiz